Logo BPK

Biblioteka

Politechniki Koszalińskiej

Faust : (Rekord nr 45951)

Szczegóły MARC
000 -ETYKIETA REKORDU
podpole kontrolne o stałej długości 00825nam a2200253 i 4500
001 - NUMER KONTROLNY REKORDU
pole kontrolne bg
020 ## - MIĘDZYNARODOWY ZNORMALIZOWANY NUMER KSIĄŻKI - ISBN
ISBN 3872911694
040 ## - ŹRÓDŁO KATALOGOWANIA
Instytucja, która utworzyła rekord BPK
041 0# - KOD JĘZYKA
Kod języka tekstu ger
080 ## - UNIWERSALNA KLASYFIKACJA DZIESIĘTNA - UKD
UKD 821.112.2-2
920 ## - Międzynarodowy znormalizowany numer książki – ISBN
ISBN 3-87291-169-4
008 - POLE O STAŁEJ DŁUGOŚCI - DANE KONTROLNE
podpole kontrolne o stałej długości s pl f |000 0 pol
100 1# - NAZWA OSOBOWA
Nazwa osobowa GOETHE, Johann Wolfgang von
Daty związane z nazwą (1749-1832)
245 10 - TYTUŁ/ODPOWIEDZIALNOŚĆ
Tytuł Faust :
Ciąg dalszy tytułu der Tragödie zweiter Teil in fünf Akten /
Pozostałe elementy strefy tytułu i oznaczenia odpowiedzialności Johann Wolfgang von Goethe.
246 1# - WARIANT TYTUŁU
Tytuł Faust II
260 ## - STREFA ADRESU WYDAWNICZEGO
Miejsce wydania Hamburg :
Nazwa wydawcy/dystrybutora Hamburger Lesehefte Verl.,
Data publikacji, dystrybucji/powstania dokumentu [200?].
300 ## - STREFA OPISU FIZYCZNEGO
Objętość 232 s. ;
Rozmiary 20 cm.
490 1# - STREFA SERII I DOKUMENTU WIELOCZĘŚCIOWEGO - FORMA NIE DO WYSZUKIWANIA
Tytuł i oznaczenie odpowiedzialności serii Hamburger Lesehefte ;
Numeracja w obrębie serii 170
500 ## - UWAGI OGÓLNE
Tekst uwagi Tyt. grzbiet.: Faust II.
650 #9 - HASŁO PRZEDMIOTOWE W FORMIE NAZWY OGÓLNEJ LUB JEDNOSTKOWEJ
Nazwa ogólna lub geograficzna Dramat niemiecki
Określnik chronologiczny 19 w.
830 ## - HASŁO DODATKOWE SERII LUB DOKUMENTU WIELOCZĘŚCIOWEGO - TYTUŁ UJEDNOLICONY
Tytuł ujednolicony Hamburger Lesehefte ;
856 ## - LOKALIZACJA I DOSTĘP DO ELEKTRONICZNYCH DOKUMENTÓW ZDALNYCH
Link (URL) http://koha.tu.koszalin.pl/cgi-bin/koha/opac-detail.pl?biblionumber=45951
Tekst linku Katalog online BPK
942 ## - DODATKOWE ELEMENTY (KOHA)
Typ dokumentu Książka
Egzemplarze
Wycofany Status egzemplarza Uszkodzony Dostępność Lokalizacja stała Lokalizacja bieżąca Miejsce przechowywania Sygnatura Kod kreskowy Typ dokumentu
      Dostępny Biblioteka Politechniki Koszalińskiej Biblioteka Politechniki Koszalińskiej Wypożyczalnia BG 75338 02256399 Książka
      Dostępny Biblioteka Politechniki Koszalińskiej Biblioteka Politechniki Koszalińskiej Wypożyczalnia BG 75339 02256382 Książka
      Dostępny Biblioteka Politechniki Koszalińskiej Biblioteka Politechniki Koszalińskiej Wypożyczalnia BG 75340 02256375 Książka
© 2023 Biblioteka Politechniki Koszalińskiej :: KOHA